Evaluación de los riesgos laborales en las Oficinas Administrativas de ENACAL, Sucursal La Sabana
Presenta estudio de evaluación de riesgos laborales en las Oficinas Administrativas de ENACAL, Sucursal La Sabana en el cual se identificaron los riesgos de cada uno de los puestos, estimación y valoración de los mismos.
| Main Author: | |
|---|---|
| Other Authors: | |
| Format: | Tesis Section = Libro |
| Language: | Undetermined Spanish |
| Published: |
Managua
UNI
2017
|
| Subjects: |
| LEADER | 01000nam a2200253Ia 4500 | ||
|---|---|---|---|
| 008 | 240830s9999 xx 000 0 und d | ||
| 040 | |a BIBLIOTECA-RUPAP Mon 363.11 R457 | ||
| 041 | |a spa | ||
| 082 | |a Mon 363.11 R457 | ||
| 100 | 1 | |a Reyes Ojeda, Tania Indira | |
| 245 | 1 | 0 | |a Evaluación de los riesgos laborales en las Oficinas Administrativas de ENACAL, Sucursal La Sabana |
| 260 | |a Managua |b UNI |c 2017 | ||
| 300 | |a 194 p. :il. | ||
| 500 | |a Contiene anexos y CD. | ||
| 502 | |a Tesis (Ingeniero Industrial)- UNI, 2017. | ||
| 520 | 3 | |a Presenta estudio de evaluación de riesgos laborales en las Oficinas Administrativas de ENACAL, Sucursal La Sabana en el cual se identificaron los riesgos de cada uno de los puestos, estimación y valoración de los mismos. | |
| 650 | 7 | |a RIESGOS LABORALES | |
| 650 | 7 | |b ACCIDENTES LABORALES | |
| 650 | 7 | |c CONTROL DE RIESGOS | |
| 650 | 7 | |d MAPA DE RIESGO | |
| 700 | 1 | |a Tutor: |b Fuentes Espinoza, Oscar Danilo | |
| 942 | |c BK |2 ddc | ||
| 991 | |a TESIS | ||
| 999 | |c 15489 | ||